Chênh lệch phát triển giữa các nước Tiểu vùng sông Mê Kông mở rộng /

में बचाया:
ग्रंथसूची विवरण
मुख्य लेखक: Nguyễn Hồng Nhung.
स्वरूप: लेख
भाषा:Vietnamese
विषय:
टैग : टैग जोड़ें
कोई टैग नहीं, इस रिकॉर्ड को टैग करने वाले पहले व्यक्ति बनें!
Thư viện lưu trữ: Thư viện Trường Đại học Đà Lạt
LEADER 00894nam a2200253 4500
001 DLU210196536
005 ##20210602
040 # # |a DLU  |b vie 
041 # # |a vie 
044 # # |a vn 
100 # # |a Nguyễn Hồng Nhung. 
245 # # |a Chênh lệch phát triển giữa các nước Tiểu vùng sông Mê Kông mở rộng /  |c Nguyễn Hồng Nhung. 
653 # # |a Chênh lệch phát triển 
653 # # |a Hội nhập kinh tế khu vực 
653 # # |a Tiểu vùng sông Mekong 
773 # # |t Tạp chí Khoa học xã hội Việt Nam  |g Số 5, 2019, tr. 37-51 
920 # # |a Phòng Tạp chí -- Trung tâm Thông tin - Thư viện Trường Đại học Đà Lạt 
900 # # |a True 
911 # # |a Hoàng Thị Huyền 
925 # # |a G 
926 # # |a A 
927 # # |a BB 
980 # # |a Thư viện Trường Đại học Đà Lạt